Κωνσταντίνος Καραθεοδωρή : ένας μαθηματικός υπό την σκέπη της εξουσίας

Αποθηκεύτηκε σε:
Λεπτομέρειες βιβλιογραφικής εγγραφής
Κύριος συγγραφέας: Γεωργιάδου, Μαρία
Μορφή: Βιβλίο
Γλώσσα:Greek
English
Δημοσίευση: Ηράκλειο : Πανεπιστημιακές Εκδόσεις Κρήτης, 2007.
Σειρά:Ιστορία της επιστήμης (Πανεπιστημιακές Εκδόσεις Κρήτης)
Θέματα:
Ετικέτες: Προσθήκη ετικέτας
Δεν υπάρχουν, Καταχωρήστε ετικέτα πρώτοι!

MARC

LEADER 00000cam a2200000 i 4500
001 1/76049
008 080226s2007 gr | ||| |||| ||gre||
020 |a 9789605242411 
035 |l 10095077 
040 |a GR-MyUa  |b gre  |e AACR2 
041 1 |a gre  |h eng 
082 7 |a 510.92  |2 (22) 
082 7 |a 925   |2 (22) 
100 1 |a Γεωργιάδου, Μαρία. 
245 1 0 |a Κωνσταντίνος Καραθεοδωρή :   |b ένας μαθηματικός υπό την σκέπη της εξουσίας /   |c Μαρία Γεωργιάδου ; πρόλογος Γιώργος Παπανικολάου. 
260 |a Ηράκλειο :   |b Πανεπιστημιακές Εκδόσεις Κρήτης,   |c 2007. 
300 |a 1157 σ. :   |b φωτ. ;   |c 24 εκ. 
490 1 |a (Ιστορία της επιστήμης / Πανεπιστημιακές Εκδόσεις Κρήτης) 
504 |a Βιβλιογραφία: σ. [1039]-1129. Ευρετήριο. 
600 1 0 |a Καραθεοδωρής, Κωνσταντίνος Στ.,   |d 1873-1950. 
650 0 |a Mathematicians  |z Greece  |x Biography. 
765 0 8 |i Μετάφραση του:   |t Constantin Caratheodory :  
830 0 |a Ιστορία της επιστήμης (Πανεπιστημιακές Εκδόσεις Κρήτης) 
852 |a INST  |b LESVOS  |e 20080902  |h 510.92 ΓΕΩ  |p 005100042841  |q 005100042841  |t BK  |y 0 
852 |a INST  |b LESVOS  |e 20081031  |h 510.92 ΓΕΩ  |p 005100043349  |q 005100043349  |t BK  |y 0 
852 |a INST  |b RHODES  |e 20080226  |h 510.92 ΓΕΩ  |p 005400029642  |q 005400029642  |t BK  |y 0 
852 |a INST  |b SAMOS  |e 20080522  |h 510.92 ΓΕΩ  |p 005300030353  |q 005300030353  |t BK  |y 0 
852 |a INST  |b SYROS  |e 20080514  |h 925 ΓΕΩ  |p 005500005959  |q 005500005959  |t BK  |y 0 
901 |a BIBL3-2008-2 
901 |a BIBL5-2008-2 
901 |a BIBL4-2008-1 
901 |a BIBL1-2008-2 
901 |a BIBL1-2008-3 
922 |a 3ΕΛΗ  |b 200802  |c ΕΠΕΑΕΚ2/Τμήμα Μαθηματικών  |d Πατάκης 
922 |a 5ΕΛΗ  |b 200802  |c ΕΠΕΑΕΚ2/ΤΜΣΠΣ  |d Σ. Πατάκης 
922 |a 4ΕΛΗ  |b 200802  |c ΕΠΕΑΕΚ2/ΤΕΠΑΕΣ  |d Σ. Πατάκης 
922 |a 1ΕΛΗ  |b 200802  |c ΕΠΕΑΕΚ2/ΤΓ  |d Σ. Πατάκης 
922 |a 1ΕΛΗ  |b 200802  |c ΕΠΕΑΕΚ2/ΠΤΕ  |d Σ. Πατάκης 
970 |a Χαριοπολίτου  |b Κωνσταντίνα  |z 26/06/2008